Statistics for Obsolete US currency denominations

Click here to take the quiz!

General Stats

  • This quiz has been taken 8 times
  • The average score is 3 of 10

Answer Stats

DemoniationAnswer% Correct
$10000 Dollar bill(1969)Salmon P Chase
86%
$1000 Dollar bill(1969)Grover Cleveland
57%
$100000(1969)Woodrow Wilson
57%
$500 Dollar bill(1969)William Mckinley
43%
$5000 Dollar bill(1969)James Madison
43%
10 cent note(1876) | 3 cent note(1869)George Washington
0%
5 cent note (1869)Thomas Jefferson
0%
25 cent note(1876)Robert Walker
0%
50 cent note(1876)William Crawford
0%

Score Distribution

Percentile by Number Answered

Percent of People with Each Score

Your Score History

You have not taken this quiz